| 000 | 00621nam a2200193Ia 4500 | ||
|---|---|---|---|
| 005 | 20250526154925.0 | ||
| 008 | 250516s9999 xx 000 0 und d | ||
| 020 |
_a9781107665354 _qpbk |
||
| 041 | _aeng | ||
| 082 | _a362.160973 MOR | ||
| 100 | _aMor, Vincent | ||
| 245 | 0 |
_aRegulating Long- Term Care Quality: An International Comparison _c/Vincent Mor, Tiziana Leone & Anna Maresso; |
|
| 250 | _a1st ed. | ||
| 260 |
_bCambridge University Press, _c2014. _aUnited Kingdom: |
||
| 300 |
_a493p. : _c20cm. |
||
| 650 | _aSocial welfare problems & services | ||
| 700 | _aLeone, Tiziana & Maresso, Anna | ||
| 942 | _cREF | ||
| 999 |
_c571239 _d571239 |
||